000 00887nam a2200265Ia 4500
003 OSt
005 20221005052349.0
006 a|||||r|||| 00| 0
007 ta
008 221004b |||||||| |||| 00| 0 eng d
020 _a9781439886861 (hbk)
_c5018.5
024 _a12658
037 _bCBS/321, 26/03/2014, Classic Book Service
_cTextual
040 _aCRL
_cCRL
_beng
041 _2eng
_aeng
082 _aY:45.1, Q3
100 _aMedina Richard M.
_9240068
245 0 _aGeography of international terrorism
_b Introduction to spaces and places of violent non state groups
260 _aLondon
_bCRC Press UK
_c2013
300 _axiii, 244p.
_ccm.
650 _aSOCIOLOGY
700 _a Hepner George F.
_9240069
942 _hY:45.1, Q3
_cTEXL
_2cc
999 _c960296
_d960296